Statistics for Countries That Speak Indo-Iranian Languages

Click here to take the quiz!

General Stats

  • This quiz has been taken 44 times
  • The average score is 10 of 11

Answer Stats

LanguageCountry% Correct
NepaliNepal
100%
HindiIndia
97%
BengaliBangladesh
97%
Punjabi, UrduPakistan
97%
KurdishIraq
97%
SinhalaSri Lanka
97%
Persian, PashtoAfghanistan
94%
PersianIran
92%
PersianTajikistan
78%
DhivehiMaldives
78%
HindiFiji
69%

Score Distribution

Percentile by Number Answered

Percent of People with Each Score

Your Score History

You have not taken this quiz